| 000 | 00469nam a2200181Ia 4500 | ||
|---|---|---|---|
| 003 | GCL | ||
| 008 | 140319s9999 xx 000 0 eng d | ||
| 040 |
_aGCL / _cGCL |
||
| 082 | 0 | 4 |
_a759.05 _bB V |
| 100 | 1 | _aBRAHINI, DENISE | |
| 245 | 1 | 0 |
_aLAVIE EL L'OEUVRE DE ETIEME DINET / _cBRAHINI, DENISE |
| 260 |
_a[S.N] : _bACR EDITION ، _c1991 |
||
| 300 | _a304P | ||
| 650 | 0 | 4 | _aORIENTALISTS |
| 650 | 0 | 4 | _aPAINTINGS |
| 650 | 0 | 4 | _aORIENTALISTS PAINTINGS |
| 942 |
_2ddc _cBK |
||
| 999 |
_c11252 _d11252 |
||